000 00974nam a2200301 a 4500
001 BRL_62
005 20190320210555.0
008 041012s1989----mx-a######---#000-0#----#
020 _a9686068554
041 _aspaeng
044 _amx
050 4 _aCC115.K45
_b.H66 1989
245 1 0 _aHomenaje a Isabel Kelly
_cYólotl González, coordinadora.
260 _aMéxico
_bINAH
_c1989
300 _a289 p.
_bil.
_c26 cm.
440 0 _aColección Científica
_pSerie arqueología
_v179
_922802
500 _aAu56
504 _aIncluye referencias bibliográficas
546 _aTexto en: español e inglés
600 1 4 _aKelly, Isabel Truesdell
_d1906-1982
_922803
650 1 4 _aIndígenas de México
_xAntigüedades
_9509
650 1 4 _aExcavaciones (Arqueología)
_zMéxico
_913998
651 4 _aMéxico
_xAntigüedades
_92765
700 1 _aKelly, Isabel Truesdell
_d1906-1982
_922803
700 1 _aGonzález Torres, Yólotl
_ecoord.
_922804
902 _aGRL
942 _2lcc
_cB
999 _c8875
_d8875